Taylor Swift - Paroles Eyes Open - Statistiques

Statistiques générales
  • Ce quiz a été pris 16 fois
  • Le résultat moyen est 205 sur 239
Statistiques - réponses
Hint Réponse % Correct
a
100%
and
100%
And
100%
are,
100%
don't
100%
Every
100%
eyes
100%
ey-eyes
100%
for
100%
here
100%
is
100%
it
100%
It's
100%
just
100%
Keep
100%
keep
100%
now
100%
Oh,
100%
on
100%
open
100%
Couplet 2 So
100%
Couplet 1 The
100%
the
100%
this
100%
you
100%
Pré-refrain You
100%
your
100%
you're
100%
around
88%
around)
88%
But
88%
down
88%
got
88%
In
88%
never
88%
new
88%
see
88%
something
88%
They
88%
they
88%
to
88%
turn
88%
(turn
88%
we
88%
were
88%
when
88%
Where
88%
Yeah,
88%
you'd
88%
you've
88%
break
75%
children
75%
cruel
75%
dark
75%
Even
75%
everybody
75%
Intro | Refrain Everybody's
75%
fallout
75%
far
75%
gotta
75%
into
75%
keeps
75%
make
75%
night
75%
pretending
75%
sleeping
75%
sleeping,
75%
thought
75%
waiting
75%
watching
75%
with
75%
world
75%
yesterday
75%
backyards,
63%
battles
63%
Dreaming
63%
dreams
63%
endings
63%
feet
63%
goes
63%
guard
63%
Heartbeat
63%
nobody
63%
our
63%
Playing
63%
ready
63%
save
63%
score
63%
showdown
63%
(showdown)
63%
soldiers,
63%
staying
63%
steady
63%
stepped
63%
swords
63%
they've
63%
thing
63%
tricky
63%
we've
63%
wooden
63%
2
50%
ahead
50%
aim
50%
comes
50%
forms
50%
happy
50%
lesson
50%
lights
50%
locked
50%
scar
50%
stands
50%
steps
50%
surrounded
50%
winning
50%
Aucun quiz correspondant
Distribution des résultats
% des personnes avec chaque résultat
Percentile par nombre de réponses
Votre historique - résultats
Vous n’avez pas pris ce quiz